000 00322nam a2200133 i 4500
001 bg
100 1 _aSCHAB, Ryszard
245 0 _aNapęd i automatyka napędu elektrycznego /
_cRyszard Schab.
260 _aRzeszów,
_c1975.
040 _cBPK
041 _apol
942 _cKS
008 s pl f |000 0 pol
999 _c16369
_d16369
856 _uhttp://koha.tu.koszalin.pl/cgi-bin/koha/opac-detail.pl?biblionumber=16369
_yKatalog online BPK